000 00745nam a2200241Ia 4500
001 dia_3035
003 CHAP
005 20230314115055.0
008 220117s1980 xx 000 0 und d
010 _a173540
040 _cCHAP
082 _a725.4 I56
110 _aInstituto de Capacitación de la Industria Azucarera
_9150361
245 _aAjuste de Molinos /
_c por Instituto de Capacitación de la Industria Azucaera
260 _aMéxico, Instituto de Capacitación de la Industria Azucrera
_c1980
300 _a141 p.
410 _aSERIE TECNICA,6
650 _a1.Molinos
_xajuste
_9153931
901 _a725.4 I56
902 _aM
905 _a0000001980 MEXA 0000000000ESP00
942 _cLIBRO
_2ddc
999 _c173540
_d173540